000 00985nam a22003017a 4500
001 6939
003 FISKH
005 20260226132451.0
008 250611b cb ||||| |||| 00| 0 eng d
020 _a9780590066938
040 _aFISKH
_beng
_cFISKH
_dFISKH
050 _aPZ7.L8432 F
082 _a813
100 _aLondon, Jonathan
_d(1947-)
245 _aFroggy goes to school /
_cBy Jonathan London ; Illustrated by Frank Remkiewicz
250 _aThis edition first published in 1997
260 _aNew York :
_bScholastic,
_c1996
300 _a28 unnumbered pages :
_bcolor illustrations ;
_c21 x 25 cm
505 _aJ
520 _aFroggy is nervous about his first day of school, but, even though it's hard to sit still, he has a wonderful time.
521 8 _a490
_bLexile
521 8 _aJ
_bRaz-Plus
650 _2Back to school
_aFirst day
650 _2Froggy
_aAnimals
700 _aRemkiewicz, Frank
_dillustrator
942 _2ddc
_cBK
_n0
999 _c6939
_d6939